000
00208nam a2200085Ia 4500
008
120527s9999 xx 000 0 und d
100
_a
Horgehalm, R.
245
_a
An Introduction to the history of?
942
_c
BK
999
_c
27508
_d
27508